000 00548nam a22001937a 4500
003 OSt
005 20260421052908.0
008 260421b |||||||| |||| 00| 0 eng d
020 _a971-08-5885-8
040 _aDWC-Main Lib.
_cOC
082 _aFIl. 128 C889p 1995
100 _aCruz, Corazon L.
245 _aPhilosophy of man/
_cCorazon L. Cruz
260 _bNational book store,
_cc1995.
300 _ax 227 p. ;
_c22 cm.
500 _aIncludes bibliographical and index.
650 _a1. Philosophy.
942 _2ddc
_cBK - FIL
_hFil.
_n0
999 _c9554
_d9554